Código Procesal Penal de la Nación Argentina /

Guardado en:
Formato: Libro
Idioma:Spanish
Publicado: Bahía Blanca : Induvio, 2011
Materias:
Etiquetas: Agregar Etiqueta
Sin Etiquetas, Sea el primero en etiquetar este registro!
LEADER 00445nam a22001455a 4500
001 DER.der013589
008 180615s2011####|||||||||||||||||#||spa||
005 20240913175617.0
245 1 0 |a Código Procesal Penal de la Nación Argentina /  |c Argentina - Códigos. 
260 |a Bahía Blanca :  |b Induvio,  |c 2011 
300 |a 351 p. 
240 1 0 |a Argentina - Códigos 
653 |a CODIGOS 
653 |a PROCESAL PENAL 
859 |a DERECHO  |b BIB. DERECHO  |h 348.023  |i ARG  |p 008616